| 000 | 00814nam a2200205 i 4500 | ||
|---|---|---|---|
| 001 | 37524 | ||
| 003 | ES-MaACL | ||
| 005 | 20250720063042.0 | ||
| 007 | t| | ||
| 008 | 030314s1844 sp ||||1| lat d | ||
| 100 | 1 |
_aColmeiro, Miguel, _d1816-1901 _939771 |
|
| 245 | 1 | 0 |
_aCatalogus plantarum in Horto Botanico Barcinonensi _b: anny MDCCCXLIII et MDCCCXLIV cultarum, seminunque nuper collectorum, quae pro communicatione offeruntur / _c[Michèael Colmeiro]. |
| 260 |
_aBarcinone : _b[s.n.], _c1844 ( _fTypis Josephi E. Monfort) |
||
| 300 |
_a23 p. ; _c20 cm. |
||
| 594 | _aAutor (p. [4]): Michael Colmeiro. | ||
| 610 | 2 | 4 |
_aJardí Botànic de Barcelona. _9141826 |
| 650 | 4 |
_aPlantas- _vCatálogos. _9141827 |
|
| 852 |
_aES-MaACL _jC-12063(2) _q. - Encuadernado con otras obras |
||
| 999 |
_c37524 _d37524 |
||